تفسير الفاتحة الكبير / (رقم التسجيلة. 99522)

تفاصيل مارك
000 -الفاتح
عناصر البيانات ثابتة الطول 00926cam a2200181 i 4500
005 - تاريخ ووقت آخر معاملة
حقل ضبط 20251108173240.0
008 - عناصر البيانات ثابتة الطول
عناصر البيانات ثابتة الطول 250721s2004 le 000 0 ara d
082 14 - رقم تصنيف ديوي العشري
رقم التصنيف 212
رقم المادة ح س ن
100 1# - مدخل رئيسي – اسم شخصي
الاسم الشخصي الحسيني، أحمد بن محمد إبن عجيبة
علاقة الشخص بالعمل/ دوره مؤلف.
245 10 - بيان العنوان
العنوان تفسير الفاتحة الكبير /
بيان المسؤولية تأليف العارف بالله تعالى العلامة الشيخ أبي العباس أحمد بن محمد ابن عجيبة الحسيني ؛ صححه و ضبطه و علق عليه الشيخ الدكتور عاصم ابراهيم الكيالي الحسيني الشاذلي الدرقاوي.
250 ## - بيان الطبعة
بيان الطبعة الطبعة الاولى.
264 1# - بيانات النشر، التوزيع…إلخ
مكان النشر، التوزيع...إلخ بيروت :
اسم الناشر، الموزع...إلخ دار الكتب العلمية،
تاريخ النشر، التوزيع...إلخ 2004.
300 ## - الوصف المادي
عدد الوحدات المكونة للوعاء 370 صفحة.
650 17 - مدخل إضافي بالموضوع - مصطلح موضوعي
مصطلح موضوعي أو اسم جغرافي كعنصر مدخل تفسير القرآن.
700 1# - مدخل إضافي - اسم شخصي
الاسم الشخصي الكيالي، عاصم ابراهيم
علاقة الشخص بالعمل/ دوره مصحح.
942 ## - بيانات إضافية (كوها)
نوع التنصيف Dewey Decimal Classification
نوع المادة (كوها) مراجع
المقتنيات
حالة السحب حالة الفقدان مصدر التصنيف حالة التلف غير قابل للإعارة المكتبة الرئيسية المكتبة الحالية موقع الرف تاريخ التزويد الرقم المتسلسل Total Checkouts رقم الإستدعاء الباركود تاريخ آخر ظهور تاريخ الفاتورة نوع المادة (كوها)
    Dewey Decimal Classification   Not For Loan المكتبة المركزية المكتبة المركزية مراجع 28/07/2025 865370   م / 212 / ح س ن 865370 28/07/2025 28/07/2025 مراجع
Implemented & Customized by: BBB with SCIT (Smart Chains for Information Technology)

Powered by Koha